| 000 | 00436nam a2200169 a 4500 | ||
|---|---|---|---|
| 001 | 15417 | ||
| 005 | 20180713204102.0 | ||
| 008 | 140415s1948 sp 000 0 spa d | ||
| 041 | _aspa | ||
| 082 |
_a946.05 _bBAY |
||
| 100 | 1 | _aBayle, Constantino. | |
| 245 | 1 | 3 | _aEL IV CENTENARIO DE DON FRAY JUAN DE ZUMARRAGA |
| 250 | _a1a ed. | ||
| 260 |
_aESPAÑA : _bJURA, _c1948 |
||
| 300 | _a65 | ||
| 650 | 1 | 4 |
_aESPAA _xHISTORIA |
| 999 |
_c15417 _d15417 |
||